<?xml version="1.0" encoding="UTF-8"?>
<record
    xmlns:xsi="http://www.w3.org/2001/XMLSchema-instance"
    xsi:schemaLocation="http://www.loc.gov/MARC21/slim http://www.loc.gov/standards/marcxml/schema/MARC21slim.xsd"
    xmlns="http://www.loc.gov/MARC21/slim">

  <leader>00639nam a22002057a 4500</leader>
  <controlfield tag="005">20241111120537.0</controlfield>
  <controlfield tag="008">241111b        |||||||| |||| 00| 0 eng d</controlfield>
  <datafield tag="020" ind1=" " ind2=" ">
    <subfield code="a">9781543348118</subfield>
  </datafield>
  <datafield tag="041" ind1=" " ind2=" ">
    <subfield code="a">Eng.</subfield>
  </datafield>
  <datafield tag="082" ind1=" " ind2=" ">
    <subfield code="a">610.7368/Hir</subfield>
  </datafield>
  <datafield tag="100" ind1=" " ind2=" ">
    <subfield code="a">Prabhuswami Hiremath</subfield>
    <subfield code="9">209046</subfield>
  </datafield>
  <datafield tag="110" ind1=" " ind2=" ">
    <subfield code="a">Vaishali Rajsinh Mohite</subfield>
    <subfield code="9">209047</subfield>
  </datafield>
  <datafield tag="245" ind1=" " ind2=" ">
    <subfield code="a">Concise Course in Mental health NUrsing for Bsc. Vth and VI Syllabus BY  INC </subfield>
    <subfield code="b">A Quick Reference Guide</subfield>
  </datafield>
  <datafield tag="250" ind1=" " ind2=" ">
    <subfield code="a">1st</subfield>
  </datafield>
  <datafield tag="260" ind1=" " ind2=" ">
    <subfield code="a">Jalandhar</subfield>
    <subfield code="b"> S. Vikas and Company (Medical Publishers)</subfield>
    <subfield code="c"> 2024</subfield>
  </datafield>
  <datafield tag="300" ind1=" " ind2=" ">
    <subfield code="a">213 Pg.</subfield>
  </datafield>
  <datafield tag="365" ind1=" " ind2=" ">
    <subfield code="a">Rs.</subfield>
    <subfield code="b">855</subfield>
    <subfield code="c">Rs.</subfield>
  </datafield>
  <datafield tag="650" ind1=" " ind2=" ">
    <subfield code="a">Mental Health Nursing</subfield>
  </datafield>
  <datafield tag="942" ind1=" " ind2=" ">
    <subfield code="c">DB</subfield>
  </datafield>
  <datafield tag="999" ind1=" " ind2=" ">
    <subfield code="c">362152</subfield>
    <subfield code="d">362152</subfield>
  </datafield>
  <datafield tag="952" ind1=" " ind2=" ">
    <subfield code="0">0</subfield>
    <subfield code="1">0</subfield>
    <subfield code="2">ddc</subfield>
    <subfield code="4">0</subfield>
    <subfield code="7">0</subfield>
    <subfield code="a">SNCN</subfield>
    <subfield code="b">SNCN</subfield>
    <subfield code="d">2024-10-21</subfield>
    <subfield code="e">himani Ramesh Gandait</subfield>
    <subfield code="g">855.00</subfield>
    <subfield code="i">IK#2024-254#00217</subfield>
    <subfield code="l">2</subfield>
    <subfield code="o">610.7368/Hir</subfield>
    <subfield code="p">SNCN-DB-219</subfield>
    <subfield code="r">2025-12-17 13:27:39</subfield>
    <subfield code="s">2025-11-24</subfield>
    <subfield code="v">855.00</subfield>
    <subfield code="w">2024-10-21</subfield>
    <subfield code="y">DB</subfield>
  </datafield>
</record>
